Sur les classes de fonctions définies par des inégalités portant sur leurs dérivées successives /

Guardado en:
Autor Principal: Cartan, Henri Paul, 1904-
Formato: Libro
Idioma:French
Publicado: Paris : Hermann, 1940.
Series:Actualités scientifiques et industrielles ; 867
Publications de l'Institut de Mathématique de l'Université de Clermont-Ferrand ; 3
Etiquetas: Agregar Etiqueta
Sin Etiquetas, Sea el primero en etiquetar este registro!
LEADER 00660nam a22001695a 4500
001 MAT.inmabb000540
008 031117s1940####fr############001#0#fre#d
005 20170801154232.0
245 1 0 |a Sur les classes de fonctions définies par des inégalités portant sur leurs dérivées successives /  |c par Henri Cartan. 
260 |a Paris :  |b Hermann,  |c 1940. 
300 |a 33 p. 
440 0 |a Actualités scientifiques et industrielles ;  |v 867 
440 0 |a Publications de l'Institut de Mathématique de l'Université de Clermont-Ferrand ;  |v 3 
510 4 |a MR,  |c MR0006352 
100 1 |a Cartan, Henri Paul,  |d 1904- 
084 |a 26-XX  |2 msc2000 
859 |h 26  |i C322  |p A-340  |b BIB. MATEMATICA